000
00256nam a2200097Ia 4500
001
719583
005
20250826163045.0
008
250824s9999 xx 000 0 und d
245
0
_a
HABERCİ ÇOCUK CİNAYETLERİ
_c
PERİHAN MAĞDEN
260
_b
EVEREST YAYINLARI
999
_c
719583
_d
719583